[Event "HUN-chT2 Maroczy 0001"]
[Site "Hungary"]
[Date "2001.04.22"]
[Round "11"]
[White "Farkas, Tibor"]
[Black "Gonczi, Jozsef"]
[Result "1-0"]
[WhiteElo "2313"]
[BlackElo "2170"]
[PlyCount "73"]
[EventDate "2000.11.26"]
[EventType "team"]
[EventRounds "11"]
[EventCountry "HUN"]
[SourceTitle "EXT 2007"]
[Source "ChessBase"]
[SourceDate "2006.11.23"]
[SourceVersion "1"]
[SourceVersionDate "2006.11.23"]
[SourceQuality "1"]
[WhiteTeam "Mako"]
[BlackTeam "Sarospatak II"]
[WhiteTeamCountry "HUN"]
[BlackTeamCountry "HUN"]

1. e4 e6 2. d4 d5 3. Nc3 Bb4 4. e5 Qd7 5. a3 Bf8 6. Nf3 b6 7. Bb5 c6 8. Ba4 Ba6 9. Ne2 Ne7 10. c3 Bb5 11. Bc2 a5 12. 0-0 c5 13. Re1 a4 14. Nf4 h6 15. Nh5 c4 16. Nh4 Kd8 17. f4 g6 18. Nf6 Qc6 19. g4 Nd7 20. f5 gxf5 21. Nxd7 Qxd7 22. gxf5 Kc7 23. Qh5 Nc6 24. Bf4 Kb7 25. f6 Na5 26. Re2 Nb3 27. Rd1 Rc8 28. Nf3 Qc7 29. Rg2 Be8 30. Be3 Bb5 31. h4 Bc6 32. Kh2 Bb5 33. Kh3 Bc6 34. Rdg1 b5 35. Rg7 Bxg7 36. fxg7 Rhg8 37. Bh7 1-0

[Event "HUN-chT2 Maroczy 0001"]
[Site "Hungary"]
[Date "2001.03.25"]
[Round "9"]
[White "Gonczi, Jozsef"]
[Black "Majzik, Levente"]
[Result "0-1"]
[WhiteElo "2170"]
[BlackElo "2317"]
[PlyCount "54"]
[EventDate "2000.11.26"]
[EventType "team"]
[EventRounds "11"]
[EventCountry "HUN"]
[SourceTitle "EXT 2007"]
[Source "ChessBase"]
[SourceDate "2006.11.23"]
[SourceVersion "1"]
[SourceVersionDate "2006.11.23"]
[SourceQuality "1"]
[WhiteTeam "Sarospatak II"]
[BlackTeam "Foti"]
[WhiteTeamCountry "HUN"]
[BlackTeamCountry "HUN"]

1. e4 Nc6 2. d4 d5 3. exd5 Qxd5 4. Nf3 e5 5. Be3 Bg4 6. Be2 exd4 7. Bxd4 Nxd4 8. Qxd4 Bxf3 9. Qa4+ Qd7 10. Qxd7+ Kxd7 11. Bxf3 Re8+ 12. Kd2 g6 13. Bxb7 Bh6+ 14. Kd3 c6 15. Ba6 Nf6 16. Nc3 Ng4 17. Nd1 Kc7 18. Kc3 Nf6 19. Bd3 Nd5+ 20. Kc4 a5 21. a4 Rb8 22. c3 Rhd8 23. Be4 Nf4 24. Re1 f5 25. Bc2 Rd2 26. Re7+ Kd6 27. Rxh7 Rxc2 0-1

[Event "HUN-chT2 Maroczy 0001"]
[Site "Hungary"]
[Date "2001.02.25"]
[Round "7"]
[White "Fodre, Sandor"]
[Black "Gonczi, Jozsef"]
[Result "0-1"]
[WhiteElo "2282"]
[BlackElo "2170"]
[PlyCount "38"]
[EventDate "2000.11.26"]
[EventType "team"]
[EventRounds "11"]
[EventCountry "HUN"]
[SourceTitle "EXT 2007"]
[Source "ChessBase"]
[SourceDate "2006.11.23"]
[SourceVersion "1"]
[SourceVersionDate "2006.11.23"]
[SourceQuality "1"]
[WhiteTeam "Dunaharaszti"]
[BlackTeam "Sarospatak II"]
[WhiteTeamCountry "HUN"]
[BlackTeamCountry "HUN"]

1. e4 e6 2. Nf3 d5 3. Nc3 Nf6 4. exd5 exd5 5. d4 Bg4 6. Bd3 Nc6 7. Be3 Bd6 8. Ne2 Nb4 9. Ne5 0-0 10. Bg5 Nxd3+ 11. Qxd3 Bxe2 12. Qxe2 c5 13. 0-0 cxd4 14. Bxf6 Qxf6 15. Nd7 Qh6 16. g3 Rfd8 17. Qb5 Rac8 18. Rfe1 Qh5 19. f4 Rxc2 0-1

[Event "HUN-chT2 Maroczy 0001"]
[Site "Hungary"]
[Date "2000.12.03"]
[Round "2"]
[White "Gonczi, Jozsef"]
[Black "Deak, Sandor"]
[Result "0-1"]
[WhiteElo "2170"]
[BlackElo "2337"]
[PlyCount "94"]
[EventDate "2000.11.26"]
[EventType "team"]
[EventRounds "11"]
[EventCountry "HUN"]
[SourceTitle "EXT 2007"]
[Source "ChessBase"]
[SourceDate "2006.11.23"]
[SourceVersion "1"]
[SourceVersionDate "2006.11.23"]
[SourceQuality "1"]
[WhiteTeam "Sarospatak II"]
[BlackTeam "Debrecen Nyomdasz"]
[WhiteTeamCountry "HUN"]
[BlackTeamCountry "HUN"]

1. e4 c5 2. Nf3 d6 3. d4 cxd4 4. Nxd4 Nf6 5. Nc3 a6 6. Bg5 e6 7. Be2 b5 8. a3 Bb7 9. Bf3 Nbd7 10. 0-0 Be7 11. Re1 0-0 12. e5 Bxf3 13. Nxf3 dxe5 14. Nxe5 Nxe5 15. Rxe5 Qc7 16. Re3 Rfd8 17. Qe2 Rd4 18. Rd1 Rad8 19. Red3 Rxd3 20. Rxd3 Rxd3 21. Qxd3 Qe5 22. Qd2 h6 23. Bf4 Qf5 24. h3 Bc5 25. Bd6 Bxd6 26. Qxd6 Qxc2 27. Qxa6 Qc1+ 28. Kh2 Qf4+ 29. Kg1 Qc1+ 30. Kh2 Qxb2 31. Nxb5 Qxf2 32. a4 Nd5 33. a5 h5 34. Qc8+ Kh7 35. a6 Qf4+ 36. Kg1 Qe3+ 37. Kh2 Qe5+ 38. Kg1 Qe1+ 39. Kh2 Ne3 40. Qc5 Nf1+ 41. Kg1 Ng3+ 42. Kh2 Nf1+ 43. Kg1 Ne3+ 44. Kh2 h4 45. Qxe3 Qxe3 46. a7 Qe5+ 47. Kh1 Qa1+ 0-1

[Event "HUN-chT2 Maroczy 0001"]
[Site "Hungary"]
[Date "2000.11.26"]
[Round "1"]
[White "Grunberg, Mihai Lucian"]
[Black "Gonczi, Jozsef"]
[Result "1-0"]
[WhiteElo "2400"]
[BlackElo "2170"]
[PlyCount "57"]
[EventDate "2000.11.26"]
[EventType "team"]
[EventRounds "11"]
[EventCountry "HUN"]
[SourceTitle "EXT 2007"]
[Source "ChessBase"]
[SourceDate "2006.11.23"]
[SourceVersion "1"]
[SourceVersionDate "2006.11.23"]
[SourceQuality "1"]
[WhiteTeam "Budapest Matador"]
[BlackTeam "Sarospatak II"]
[WhiteTeamCountry "HUN"]
[BlackTeamCountry "HUN"]

1. Nf3 g6 2. c4 Bg7 3. e4 c5 4. d4 cxd4 5. Nxd4 Nc6 6. Be3 Nf6 7. Nc3 d6 8. Be2 0-0 9. 0-0 Bd7 10. Qd2 Re8 11. Rfd1 Nxd4 12. Bxd4 Bc6 13. f3 Nd7 14. Be3 Qa5 15. Rac1 Rec8 16. a3 Nf6 17. b4 Qh5 18. b5 Bd7 19. g4 Qh3 20. e5 Nxg4 21. fxg4 Bxe5 22. Bf4 Bxg4 23. Bxe5 dxe5 24. Nd5 Rd8 25. Nxe7+ Kg7 26. Nd5 Rac8 27. Qg5 Bxe2 28. Qxe5+ Kg8 29. Qxe2 1-0

[Event "HUN-ch U18"]
[Site "Paks"]
[Date "2000.04.21"]
[Round "8"]
[White "Blasko, Istvan"]
[Black "Gonczi, Jozsef"]
[Result "1/2-1/2"]
[WhiteElo "2321"]
[BlackElo "2224"]
[PlyCount "52"]
[EventDate "2000.04.14"]
[EventType "tourn"]
[EventRounds "9"]
[EventCountry "HUN"]
[SourceTitle "EXT 2004"]
[Source "ChessBase"]
[SourceDate "2003.11.25"]
[SourceVersion "1"]
[SourceVersionDate "2003.11.25"]
[SourceQuality "1"]

1. Nf3 g6 2. e4 c5 3. d4 cxd4 4. Qxd4 Nf6 5. e5 Nc6 6. Qa4 Nd5 7. Qb3 Nc7 8. Bc4 Ne6 9. 0-0 Bg7 10. Bxe6 dxe6 11. Bd2 0-0 12. Bc3 Qc7 13. Re1 b6 14. Nbd2 Bb7 15. h4 Rfd8 16. h5 Rac8 17. Qa4 Rd5 18. Qf4 b5 19. a3 a5 20. hxg6 hxg6 21. Ng5 Nd8 22. Re3 Qb6 23. Qh4 Rxc3 24. bxc3 Rxd2 25. Rb1 Bxg2 26. a4 Ba8 1/2-1/2

[Event "HUN-ch U18"]
[Site "Paks"]
[Date "2000.04.20"]
[Round "7"]
[White "Bokros, Albert"]
[Black "Gonczi, Jozsef"]
[Result "1-0"]
[WhiteElo "2505"]
[BlackElo "2224"]
[PlyCount "61"]
[EventDate "2000.04.14"]
[EventType "tourn"]
[EventRounds "9"]
[EventCountry "HUN"]
[SourceTitle "EXT 2004"]
[Source "ChessBase"]
[SourceDate "2003.11.25"]
[SourceVersion "1"]
[SourceVersionDate "2003.11.25"]
[SourceQuality "1"]

1. e4 e6 2. d4 d5 3. Nc3 Bb4 4. e5 c5 5. dxc5 Bxc5 6. Nf3 Nc6 7. Bd3 Nge7 8. 0-0 Nb4 9. Bb5+ Bd7 10. a3 Nbc6 11. Na4 Bb6 12. Nxb6 Qxb6 13. Bd3 Ng6 14. Re1 Rc8 15. h4 Nge7 16. b4 a5 17. b5 Nd4 18. Be3 Nxf3+ 19. Qxf3 d4 20. Bd2 a4 21. Rab1 Nd5 22. Qg4 Kf8 23. h5 h6 24. Re4 Qc7 25. Bb4+ Kg8 26. Bd6 f5 27. exf6 Nxf6 28. Qf4 Qb6 29. Rxd4 Nxh5 30. Qe5 Nf6 31. c4 1-0

[Event "HUN-ch U18"]
[Site "Paks"]
[Date "2000.04.19"]
[Round "6"]
[White "Gonczi, Jozsef"]
[Black "Szilagyi, Zsolt"]
[Result "0-1"]
[WhiteElo "2224"]
[BlackElo "2177"]
[PlyCount "100"]
[EventDate "2000.04.14"]
[EventType "tourn"]
[EventRounds "9"]
[EventCountry "HUN"]
[SourceTitle "EXT 2004"]
[Source "ChessBase"]
[SourceDate "2003.11.25"]
[SourceVersion "1"]
[SourceVersionDate "2003.11.25"]
[SourceQuality "1"]

1. e4 c5 2. Nf3 e6 3. d4 cxd4 4. Nxd4 a6 5. Nc3 b5 6. Bd3 Qb6 7. Nb3 Qc7 8. Be3 Bb7 9. 0-0 Nf6 10. f4 d6 11. Qf3 Nbd7 12. a3 Be7 13. Nd4 0-0 14. g4 Nc5 15. g5 Nfd7 16. Qh3 Rfe8 17. f5 exf5 18. Nxf5 Bf8 19. Rf4 Ne5 20. Rh4 Ng6 21. Rxh7 Nxe4 22. Rf1 Re5 23. Nxe4 Bxe4 24. Nh4 Qc8 25. Nxg6 Qxh3 26. Rxh3 fxg6 27. Bf4 Bxd3 28. Rxd3 Rf5 29. Bxd6 Rxg5+ 30. Rg3 Rxg3+ 31. Bxg3 Rd8 32. Bf4 Be7 33. Re1 Bf6 34. c3 g5 35. Be3 Kf7 36. Kg2 Kg6 37. Kf3 Kf5 38. Re2 Rd3 39. Rd2 Rxd2 40. Bxd2 g4+ 41. Kg3 Be5+ 42. Kg2 Ke4 43. Be1 Kd3 44. Bf2 Bf4 45. Bd4 g6 46. Bf6 Kc4 47. b4 Kb3 48. Bd4 Kxa3 49. h3 gxh3+ 50. Kxh3 Kb3 0-1

[Event "HUN-ch U18"]
[Site "Paks"]
[Date "2000.04.14"]
[Round "1"]
[White "Braun, Marton"]
[Black "Gonczi, Jozsef"]
[Result "1/2-1/2"]
[WhiteElo "2124"]
[BlackElo "2224"]
[PlyCount "25"]
[EventDate "2000.04.14"]
[EventType "tourn"]
[EventRounds "9"]
[EventCountry "HUN"]
[SourceTitle "EXT 2004"]
[Source "ChessBase"]
[SourceDate "2003.11.25"]
[SourceVersion "1"]
[SourceVersionDate "2003.11.25"]
[SourceQuality "1"]

1. e4 e6 2. d4 d5 3. Nc3 dxe4 4. Nxe4 Bd7 5. Nf3 Bc6 6. Bd3 Nd7 7. c4 Ngf6 8. Nc3 Bxf3 9. Qxf3 c6 10. 0-0 Be7 11. Re1 0-0 12. Bg5 Qa5 13. d5 1/2-1/2

[Event "HUN-chT 9900"]
[Site "Hungary"]
[Date "2000.01.23"]
[Round "6"]
[White "Gonczi, Jozsef"]
[Black "Antal, Gergely"]
[Result "0-1"]
[WhiteElo "2224"]
[BlackElo "2308"]
[PlyCount "80"]
[EventDate "1999.09.26"]
[EventType "team"]
[EventRounds "11"]
[EventCountry "HUN"]
[SourceTitle "EXT 2009"]
[Source "ChessBase"]
[SourceDate "2008.11.26"]
[SourceVersion "1"]
[SourceVersionDate "2008.11.26"]
[SourceQuality "1"]
[WhiteTeam "Sarospatak"]
[BlackTeam "Miskolc"]
[WhiteTeamCountry "HUN"]
[BlackTeamCountry "HUN"]

1. e4 c5 2. Nf3 e6 3. d4 cxd4 4. Nxd4 Nf6 5. Nc3 d6 6. Be3 Be7 7. f3 a6 8. Qd2 0-0 9. 0-0-0 Nc6 10. g4 Nxd4 11. Bxd4 b5 12. h4 Nd7 13. f4 b4 14. Ne2 a5 15. g5 Qc7 16. Kb1 Bb7 17. Ng3 Rfc8 18. Bd3 Bf8 19. h5 a4 20. f5 d5 21. g6 e5 22. h6 fxg6 23. hxg7 Bxg7 24. fxg6 hxg6 25. Be3 Nf6 26. Bg5 dxe4 27. Bxf6 exd3 28. Qxd3 Bxf6 29. Qxg6+ Qg7 30. Qf5 Bxh1 31. Nh5 Be4 32. Nxf6+ Qxf6 33. Rg1+ Kf7 34. Qxe4 Rd8 35. c4 b3 36. c5 Ra6 37. Qc4+ Re6 38. Rf1 Ke7 39. axb3 axb3 40. c6 Qg6+ 0-1

[Event "Sarospatak-ch"]
[Site "Sarospatak"]
[Date "2000.01.08"]
[Round "4.2"]
[White "Gonczi, Jozsef"]
[Black "Eberth, Zoltan"]
[Result "1-0"]
[WhiteElo "2224"]
[BlackElo "2182"]
[PlyCount "89"]
[EventDate "2000.01.09"]
[EventType "swiss"]
[EventRounds "7"]
[EventCountry "HUN"]
[SourceTitle "EXT 2004"]
[Source "ChessBase"]
[SourceDate "2003.11.25"]
[SourceVersion "1"]
[SourceVersionDate "2003.11.25"]
[SourceQuality "1"]

1. e4 c5 2. Nf3 Nc6 3. d4 cxd4 4. Nxd4 g6 5. Nc3 Bg7 6. Be3 Nf6 7. Bc4 0-0 8. Bb3 a5 9. 0-0 a4 10. Nxa4 Nxe4 11. Nb5 Ra6 12. Qe2 Kh8 13. Rad1 f5 14. f3 f4 15. Bxf4 Rxf4 16. fxe4 Qf8 17. Rxf4 Qxf4 18. Rf1 Qg5 19. Qc4 d5 20. Qxd5 Qxd5 21. exd5 Nd4 22. Nac3 Nxb3 23. axb3 Bd7 24. Re1 Rb6 25. Rxe7 Bxb5 26. Nxb5 Bxb2 27. c4 Bf6 28. Re8+ Kg7 29. d6 Ra6 30. Rb8 Ra1+ 31. Kf2 b6 32. Rxb6 Be5 33. c5 Bxh2 34. c6 Bg1+ 35. Ke2 Bxb6 36. c7 Bxc7 37. dxc7 Rc1 38. Nd6 Rc2+ 39. Kd3 Rc6 40. c8Q Rxd6+ 41. Ke4 Rf6 42. b4 g5 43. b5 Kg6 44. Qc6 Kf7 45. Qxf6+ 1-0

[Event "Sarospatak-ch"]
[Site "Sarospatak"]
[Date "2000.01.08"]
[Round "2.3"]
[White "Gonczi, Jozsef"]
[Black "Hidegh, Eszter"]
[Result "1-0"]
[WhiteElo "2224"]
[BlackElo "2108"]
[PlyCount "81"]
[EventDate "2000.01.09"]
[EventType "swiss"]
[EventRounds "7"]
[EventCountry "HUN"]
[SourceTitle "EXT 2004"]
[Source "ChessBase"]
[SourceDate "2003.11.25"]
[SourceVersion "1"]
[SourceVersionDate "2003.11.25"]
[SourceQuality "1"]

1. e4 c5 2. Nf3 Nc6 3. d4 cxd4 4. Nxd4 Nf6 5. Nc3 e5 6. Ndb5 d6 7. Bg5 a6 8. Na3 b5 9. Nd5 Be7 10. Bxf6 Bxf6 11. c3 0-0 12. Nc2 Rb8 13. h4 Be6 14. Nce3 Be7 15. Bd3 a5 16. a3 h6 17. Qh5 Qe8 18. Nf5 Bxf5 19. exf5 f6 20. Qg4 Bd8 21. Qe4 Ne7 22. 0-0 Kh8 23. Rfd1 Qd7 24. g4 Bb6 25. Kg2 Ba7 26. Be2 Rfc8 27. Nxe7 Qxe7 28. Qd5 Rb6 29. b4 Rxc3 30. Rac1 axb4 31. axb4 Rxc1 32. Rxc1 Qb7 33. Qxb7 Rxb7 34. Rc8+ Kh7 35. Bf3 Rb6 36. g5 hxg5 37. Bh5 gxh4 38. Bg6+ Kh6 39. Kf3 Rb8 40. Rc1 d5 41. Rc2 1-0

[Event "Sarospatak-ch"]
[Site "Sarospatak"]
[Date "2000.01.08"]
[Round "1.3"]
[White "Merenyi, Janos"]
[Black "Gonczi, Jozsef"]
[Result "0-1"]
[WhiteElo "1922"]
[BlackElo "2224"]
[PlyCount "70"]
[EventDate "2000.01.09"]
[EventType "swiss"]
[EventRounds "7"]
[EventCountry "HUN"]
[SourceTitle "EXT 2004"]
[Source "ChessBase"]
[SourceDate "2003.11.25"]
[SourceVersion "1"]
[SourceVersionDate "2003.11.25"]
[SourceQuality "1"]

1. e4 c5 2. Nf3 Nc6 3. d4 cxd4 4. Nxd4 Nf6 5. Nc3 e5 6. Ndb5 d6 7. Bg5 a6 8. Na3 b5 9. Nd5 Be7 10. Nxe7 Qxe7 11. c3 Be6 12. Qf3 0-0 13. Bxf6 Qxf6 14. Qxf6 gxf6 15. Bd3 Ne7 16. 0-0-0 Rfd8 17. Kb1 Rab8 18. Nc2 f5 19. f3 d5 20. Nb4 dxe4 21. fxe4 a5 22. Nc2 f4 23. g3 Bg4 24. Rd2 Bf3 25. Kc1 Bxh1 26. gxf4 exf4 27. Nd4 b4 28. Bc2 bxc3 29. bxc3 Rbc8 30. Rd1 Bxe4 31. Bxe4 Rxc3+ 32. Kb2 Rc4 33. Rg1+ Kh8 34. Nf5 Rxe4 35. Nh6 Rf8 0-1

[Event "HUN-chT U18 "]
[Site "Budapest"]
[Date "1999.12.30"]
[Round "6.2"]
[White "Gara, Anita"]
[Black "Gonczi, Jozsef"]
[Result "1/2-1/2"]
[WhiteElo "2260"]
[BlackElo "2224"]
[PlyCount "90"]
[EventDate "1999.12.27"]
[EventType "team"]
[EventRounds "7"]
[EventCountry "HUN"]
[SourceTitle "EXT 2004"]
[Source "ChessBase"]
[SourceDate "2003.11.25"]
[SourceVersion "1"]
[SourceVersionDate "2003.11.25"]
[SourceQuality "1"]

1. e4 e6 2. d4 d5 3. Nc3 Bb4 4. e5 c5 5. a3 Bxc3+ 6. bxc3 Ne7 7. Qg4 Qc7 8. Bd3 cxd4 9. Ne2 dxc3 10. Qxg7 Rg8 11. Qxh7 Qxe5 12. Bf4 Qf6 13. h4 Rxg2 14. Kf1 e5 15. Kxg2 exf4 16. Qh5 Nbc6 17. f3 Bf5 18. Qg5 Qxg5+ 19. hxg5 Bxd3 20. cxd3 0-0-0 21. Nxc3 Nf5 22. Rh7 Ne5 23. Nb5 Nxd3 24. Rxf7 Nh4+ 25. Kf1 Nxf3 26. Rb1 Kb8 27. Nd4 Nd2+ 28. Ke2 Nxb1 29. Kxd3 Nxa3 30. Ne6 Rg8 31. Rf8+ Rxf8 32. Nxf8 Nc4 33. Nd7+ Kc7 34. g6 f3 35. g7 f2 36. Ke2 Ne3 37. Kxf2 Ng4+ 38. Kf3 Nh6 39. Nf6 Kd6 40. Kf4 Ke6 41. Kg5 Ng8 42. Nxg8 Kf7 43. Nf6 Kxg7 44. Nxd5 b5 45. Kf5 a5 1/2-1/2

[Event "HUN-chT U18 "]
[Site "Budapest"]
[Date "1999.12.30"]
[Round "7.2"]
[White "Gonczi, Jozsef"]
[Black "Gombos, Andras"]
[Result "1-0"]
[WhiteElo "2150"]
[BlackElo "1930"]
[PlyCount "65"]
[EventDate "1999.12.27"]
[EventType "team"]
[EventRounds "7"]
[EventCountry "HUN"]
[SourceTitle "EXT 2004"]
[Source "ChessBase"]
[SourceDate "2003.11.25"]
[SourceVersion "1"]
[SourceVersionDate "2003.11.25"]
[SourceQuality "1"]

1. e4 e5 2. d4 exd4 3. Nf3 Nc6 4. Nxd4 Nf6 5. Nxc6 bxc6 6. e5 Qe7 7. Qe2 Nd5 8. c4 Nb6 9. Nd2 a5 10. Qe4 d5 11. exd6 cxd6 12. Be2 Qxe4 13. Nxe4 Ba6 14. b3 d5 15. cxd5 Bb4+ 16. Bd2 cxd5 17. Bxa6 Rxa6 18. Bxb4 dxe4 19. Ba3 a4 20. 0-0 f5 21. Rfc1 axb3 22. axb3 Ra8 23. Rc7 Rg8 24. Re7+ Kd8 25. Rb7 Nd7 26. Rd1 Rxa3 27. Rb8+ Ke7 28. Rxg8 Kf7 29. Rd8 Ne5 30. Rb1 Nd3 31. h4 Ra2 32. b4 Nxf2 33. b5 1-0

[Event "HUN-chT 9900"]
[Site "Hungary"]
[Date "1999.11.21"]
[Round "5"]
[White "Sinkovics, Peter"]
[Black "Gonczi, Jozsef"]
[Result "1/2-1/2"]
[WhiteElo "2313"]
[BlackElo "2224"]
[PlyCount "116"]
[EventDate "1999.09.26"]
[EventType "team"]
[EventRounds "11"]
[EventCountry "HUN"]
[SourceTitle "EXT 2009"]
[Source "ChessBase"]
[SourceDate "2008.11.26"]
[SourceVersion "1"]
[SourceVersionDate "2008.11.26"]
[SourceQuality "1"]
[WhiteTeam "Postas"]
[BlackTeam "Sarospatak"]
[WhiteTeamCountry "HUN"]
[BlackTeamCountry "HUN"]

1. d4 Nf6 2. c4 c5 3. d5 b5 4. Nf3 g6 5. cxb5 a6 6. b6 Qxb6 7. Nc3 Bg7 8. e4 d6 9. Be2 0-0 10. Nd2 Qc7 11. 0-0 Nbd7 12. Nc4 Nb6 13. Ne3 Rd8 14. a4 a5 15. Nb5 Qb8 16. Qc2 Ba6 17. Bd2 Bb7 18. Nc4 Nxc4 19. Bxc4 Ne8 20. Bc3 Nc7 21. Bxg7 Kxg7 22. f4 Ba6 23. Qd3 Bxb5 24. axb5 Qb6 25. Rae1 Rab8 26. e5 Nxb5 27. f5 Nd4 28. f6+ Kg8 29. Qe3 dxe5 30. fxe7 Rd6 31. Qxe5 Re8 32. Re4 Qc7 33. Qg5 Qd7 34. h3 f5 35. Re5 Kg7 36. Rfe1 Rf6 37. Qf4 Qd6 38. h4 Rf7 39. h5 Rf6 40. R1e3 Rf7 41. hxg6 hxg6 42. Qg5 Qf6 43. Qxf6+ Rxf6 44. Ra3 Rb6 45. Rxa5 Kf6 46. d6 Rxd6 47. Raxc5 Rxe7 48. Rxe7 Kxe7 49. Rd5 Rxd5 50. Bxd5 Kd6 51. Bf7 g5 52. Kf2 Kc5 53. Ke3 Nc2+ 54. Kd2 Nd4 55. Kd3 Nc6 56. Be6 Ne5+ 57. Ke3 Nc4+ 58. Ke2 Nxb2 1/2-1/2

[Event "HUN-ch U18"]
[Site "Paks"]
[Date "1999.03.30"]
[Round "4"]
[White "Gonczi, Jozsef"]
[Black "Neber, Akos"]
[Result "1/2-1/2"]
[WhiteElo "2210"]
[BlackElo "2174"]
[PlyCount "86"]
[EventDate "1999.03.27"]
[EventType "tourn"]
[EventRounds "9"]
[EventCountry "HUN"]
[SourceTitle "EXT 2004"]
[Source "ChessBase"]
[SourceDate "2003.11.25"]
[SourceVersion "1"]
[SourceVersionDate "2003.11.25"]
[SourceQuality "1"]

1. e4 e6 2. d4 d5 3. Nc3 Nf6 4. Bg5 Be7 5. e5 Nfd7 6. Bxe7 Qxe7 7. f4 a6 8. Nf3 c5 9. Qd2 Nc6 10. dxc5 Nxc5 11. Bd3 b5 12. 0-0 0-0 13. Kh1 b4 14. Ne2 a5 15. Ned4 Nxd4 16. Nxd4 Ne4 17. Bxe4 dxe4 18. Rfe1 Qc5 19. Nb3 Qc6 20. Rad1 Bb7 21. Qd7 Rfc8 22. Qxc6 Bxc6 23. Kg1 Bd5 24. Nd4 Rc5 25. Ra1 Rb8 26. g4 f6 27. exf6 gxf6 28. Re2 Rbc8 29. a3 Kf7 30. axb4 axb4 31. Ra7+ R5c7 32. Rxc7+ Rxc7 33. Kf2 Ra7 34. Ke3 Ra1 35. f5 e5 36. Nb5 Rg1 37. h3 Rg3+ 38. Kd2 Ke7 39. Re3 Rg2+ 40. Kd1 Rg1+ 41. Kd2 Rg2+ 42. Kd1 Rg1+ 43. Kd2 Rg2+ 1/2-1/2

[Event "HUN-ch U18"]
[Site "Paks"]
[Date "1999.03.29"]
[Round "3"]
[White "Gonczi, Jozsef"]
[Black "Gara, Anita"]
[Result "1-0"]
[WhiteElo "2210"]
[BlackElo "2288"]
[PlyCount "145"]
[EventDate "1999.03.27"]
[EventType "tourn"]
[EventRounds "9"]
[EventCountry "HUN"]
[SourceTitle "EXT 2004"]
[Source "ChessBase"]
[SourceDate "2003.11.25"]
[SourceVersion "1"]
[SourceVersionDate "2003.11.25"]
[SourceQuality "1"]

1. e4 c5 2. Nf3 d6 3. Bb5+ Nd7 4. a4 Ngf6 5. Nc3 g6 6. d4 cxd4 7. Nxd4 Bg7 8. 0-0 0-0 9. Be3 a6 10. Be2 Ne5 11. f3 b6 12. Nb3 Bb7 13. f4 Ned7 14. Bf3 Qc7 15. Qe1 Rfe8 16. Qf2 Rab8 17. Rfe1 Ba8 18. e5 dxe5 19. Bxa8 Rxa8 20. Qf3 exf4 21. Bxf4 e5 22. Bg5 Rac8 23. Rad1 Qc4 24. Rd6 Re6 25. Red1 e4 26. Qf4 Nf8 27. Bxf6 Bxf6 28. Rxe6 Qxe6 29. Rd6 Be5 30. Rxe6 Bxf4 31. Rxe4 Ne6 32. Nd5 Bd6 33. c3 Nc5 34. Nxc5 Bxc5+ 35. Kf1 Rd8 36. c4 b5 37. b4 Bd6 38. Nf6+ Kf8 39. axb5 axb5 40. c5 Bxh2 41. Nxh7+ Kg7 42. Ng5 Kf6 43. Nf3 Bg3 44. Nd4 Rb8 45. Ke2 g5 46. Kf3 Bf4 47. g3 Bc7 48. Re2 g4+ 49. Kxg4 Rg8+ 50. Kf3 Be5 51. Nc6 Rxg3+ 52. Ke4 Bc3 53. Rc2 Ke6 54. Re2 Kd7 55. Ne5+ Kc7 56. Rf2 Bxb4 57. Rxf7+ Kc8 58. c6 Bd6 59. Nf3 b4 60. Kd5 Bc7 61. Nd4 Rg5+ 62. Kc4 Rg4 63. Kc5 Rg6 64. Nb5 Rg5+ 65. Kxb4 Rg4+ 66. Kc5 Rg5+ 67. Kc4 Rg4+ 68. Kd3 Rg3+ 69. Ke4 Bd8 70. Rf8 Rg7 71. Nd6+ Kb8 72. Rxd8+ Kc7 73. Ne8+ 1-0

[Event "Alfoeld Cup op"]
[Site "Hajduszoboszlo"]
[Date "1999.??.??"]
[Round "9"]
[White "Gonczi, Jozsef"]
[Black "Bencze, Laszlo"]
[Result "1-0"]
[WhiteElo "2210"]
[BlackElo "2300"]
[PlyCount "61"]
[EventDate "1999.??.??"]
[EventType "swiss"]
[EventRounds "9"]
[EventCountry "HUN"]
[SourceTitle "EXT 2000"]
[Source "ChessBase"]
[SourceDate "1999.11.16"]
[SourceVersion "1"]
[SourceVersionDate "1999.11.16"]
[SourceQuality "1"]

1. e4 e6 2. d4 d5 3. Nc3 Bb4 4. e5 c5 5. a3 Ba5 6. b4 cxd4 7. Nb5 Bc7 8. f4 a5 9. Bd2 Nc6 10. Nxc7+ Qxc7 11. b5 Nce7 12. Bd3 Nf5 13. Qe2 Ne3 14. Kf2 f6 15. Qh5+ Qf7 16. Qxf7+ Kxf7 17. Bxe3 dxe3+ 18. Kxe3 b6 19. Nf3 Ne7 20. Rhe1 Ra7 21. exf6 gxf6 22. Kd2 Rg8 23. Re2 h6 24. Rae1 Rc7 25. g3 Rd8 26. g4 d4 27. g5 Nd5 28. gxf6 Kxf6 29. Re4 Rc3 30. Rxd4 Bb7 31. Rg1 1-0

[Event "Gyongyos Matra Cup"]
[Site "Gyongyos"]
[Date "1999.??.??"]
[Round "7"]
[White "Gonczi, Jozsef"]
[Black "Goreskul, Alyona"]
[Result "0-1"]
[WhiteElo "2220"]
[BlackElo "2125"]
[PlyCount "78"]
[EventDate "1999.??.??"]
[EventType "swiss"]
[EventRounds "9"]
[EventCountry "HUN"]
[SourceTitle "EXT 2000"]
[Source "ChessBase"]
[SourceDate "1999.11.16"]
[SourceVersion "1"]
[SourceVersionDate "1999.11.16"]
[SourceQuality "1"]

1. e4 e6 2. d4 d5 3. Nc3 Bb4 4. e5 c5 5. a3 Bxc3+ 6. bxc3 Ne7 7. Qg4 Kf8 8. Bd3 b6 9. h4 Ba6 10. h5 h6 11. Rh3 Bxd3 12. cxd3 Nd7 13. Ne2 Rc8 14. Nf4 Kg8 15. Rf3 Rc6 16. Nh3 Nf5 17. Qf4 Kh7 18. g4 Ne7 19. Rg3 Rf8 20. g5 Nf5 21. Rg4 c4 22. Ke2 cxd3+ 23. Kxd3 Qc8 24. Bd2 Qa6+ 25. Kc2 Qa4+ 26. Kb2 b5 27. gxh6 gxh6 28. Qf3 Nb6 29. Qd1 Nc4+ 30. Kc1 Qxd1+ 31. Kxd1 Rfc8 32. Bc1 Nb6 33. Nf4 Rxc3 34. Bd2 Rb3 35. Ne2 Rh3 36. Ng3 Nxg3 37. Rxg3 Rh1+ 38. Be1 Rxh5 39. Rb1 a6 0-1